00543 2200205 4500001002100000005001500021035002000036007000300056008004100059020000600100082001300106084001900119100002000138245006000158250001300218260004400231300002600275650002000301990001600321INLIS00000000000204120260407104440 a0010-0226000051ta260407 g 0 ind  a- a297.3822 a297.3822 DR. r0 aDr. Moh. Rifa"i1 aRisalah Tuntunan Shalat Lengkap Plus /cDr. Moh. Rifa"i aCet. 655 aSemarang :bPT. KARYA TOHA PUTRA,c2024 a128 :b- ;c14 x 20,5 aTuntunan Shalat a00000016215